| 000 | 00343cam a22001097a 4500 | ||
|---|---|---|---|
| 008 | 180718b1966 xxu||||| |||| 00| 0 eng d | ||
| 082 | _aP974x54 In2w | ||
| 245 |
_aReport of the working group on libraries _cby Planning Commission, India |
||
| 260 |
_aNew Delhi _bPlanning Commission _c1966 |
||
| 300 | _a94p | ||
| 700 | _aIndia. Planning Commission. | ||
| 999 |
_c494996 _d494996 |
||